000
00246nam a2200121Ia 4500
008
190216s9999||||xx |||||||||||||| ||und||
100
_a
Mosas K
245
0
_a
Vairam
260
_b
Current Books
300
_a
347
650
_a
Novel
942
_c
BK
999
_c
27361
_d
27361